| 000 | 00822nam a2200253Ia 4500 | ||
|---|---|---|---|
| 003 | OSt | ||
| 005 | 20220925231713.0 | ||
| 006 | a|||||r|||| 00| 0 | ||
| 007 | ta | ||
| 008 | 220923b |||||||| |||| 00| 0 eng d | ||
| 037 | _cGeneral Book | ||
| 040 |
_aRTL _cRTL _beng |
||
| 041 |
_2eng _aeng |
||
| 082 | _aX:57.(X).N7, M3/UN | ||
| 100 |
_aRANA Pradumma B,. _9295939 |
||
| 245 | 0 | _aImpact of the current exchange rate system on trade and inflation of selected developing member countries. | |
| 260 |
_aManila _bAsian Development Bank _c1983 |
||
| 300 |
_a78p. _ccm. |
||
| 490 | _aAsian Development Bank, Economic Staff Paper, 13. | ||
| 500 | _aBibliography p.77-78 | ||
| 650 | _aForeign Exchange | ||
| 942 |
_hX:57.(X).N7, M3/UN _cGB _2CC |
||
| 999 |
_c589208 _d589208 |
||